[Event "ARG-ch sf Amateur U2000/2300"]
[Site "Cosquin"]
[Date "2019.07.28"]
[Round "4.3"]
[White "Marquez, Juan Carlos"]
[Black "Panozzo, Luis"]
[Result "1/2-1/2"]
[WhiteElo "1684"]
[BlackElo "1775"]
[PlyCount "55"]
[EventDate "2019.07.27"]
[EventType "swiss"]
[EventRounds "6"]
[EventCountry "ARG"]
[SourceTitle "EXT 2024"]
[Source "ChessBase"]
[SourceDate "2023.10.10"]
[SourceVersion "1"]
[SourceVersionDate "2023.10.10"]
[SourceQuality "1"]

1. d4 d5 2. Bf4 Nf6 3. e3 e6 4. Nd2 Bd6 5. Bd3 0-0 6. Ngf3 Bxf4 7. exf4 Qd6 8. g3 c5 9. dxc5 Qxc5 10. c3 b6 11. Qe2 a5 12. Nb3 Qc7 13. Nbd4 Ba6 14. Ne5 Bxd3 15. Qxd3 Na6 16. 0-0 Nc5 17. Qe2 Ncd7 18. Rac1 Nxe5 19. fxe5 Nd7 20. f4 Rfd8 21. b3 Nc5 22. Nb5 Qe7 23. Nd4 Rac8 24. Rc2 Qb7 25. Re1 Qa6 26. Qxa6 Nxa6 27. Nb5 Rc5 28. Nd6 1/2-1/2

[Event "ARG-ch sf Amateur U2000/2300"]
[Site "Cosquin"]
[Date "2019.07.27"]
[Round "2.4"]
[White "Pereyra, Alberto"]
[Black "Marquez, Juan Carlos"]
[Result "0-1"]
[WhiteElo "1547"]
[BlackElo "1684"]
[PlyCount "61"]
[EventDate "2019.07.27"]
[EventType "swiss"]
[EventRounds "6"]
[EventCountry "ARG"]
[SourceTitle "EXT 2024"]
[Source "ChessBase"]
[SourceDate "2023.10.10"]
[SourceVersion "1"]
[SourceVersionDate "2023.10.10"]
[SourceQuality "1"]

1. e4 e6 2. d4 d5 3. e5 c5 4. c3 Qb6 5. Qb3 Nc6 6. Qxb6 axb6 7. Bb5 Bd7 8. Bxc6 bxc6 9. Ne2 cxd4 10. cxd4 c5 11. Be3 Rc8 12. Nbc3 Ne7 13. 0-0 Nc6 14. f4 Be7 15. a3 Na5 16. g4 0-0 17. f5 Nc4 18. Bc1 cxd4 19. Nxd4 Nxe5 20. fxe6 fxe6 21. Rxf8+ Rxf8 22. h3 Bc5 23. Be3 Bxd4 24. Bxd4 Nf3+ 25. Kg2 Nxd4 26. a4 Bc6 27. a5 bxa5 28. Rxa5 Nc2 29. Kg3 Ne1 30. Rc5 Rf3+ 31. Kh4 0-1

[Event "Mem Jorge Wilson 5th"]
[Site "La Falda"]
[Date "2018.04.29"]
[Round "1.2"]
[White "Marquez, Juan Carlos"]
[Black "Richard, Patrick Jorge"]
[Result "0-1"]
[WhiteElo "1693"]
[BlackElo "1889"]
[PlyCount "118"]
[EventDate "2018.04.29"]
[EventType "swiss"]
[EventRounds "6"]
[EventCountry "ARG"]
[SourceTitle "EXT 2024"]
[Source "ChessBase"]
[SourceDate "2023.10.10"]
[SourceVersion "1"]
[SourceVersionDate "2023.10.10"]
[SourceQuality "1"]

1. d4 Nf6 2. c4 g6 3. Nc3 d5 4. Qb3 dxc4 5. Qxc4 Bg7 6. e4 c6 7. Nf3 Nbd7 8. h3 0-0 9. Be2 Qc7 10. 0-0 e5 11. d5 Nb6 12. Qb3 cxd5 13. exd5 Nbd7 14. Be3 a6 15. Rac1 Qd6 16. Rfe1 Re8 17. Na4 Ne4 18. Nb6 Nxb6 19. Bxb6 Qf6 20. Bc7 Nd6 21. Qb6 Bf8 22. Rc3 Qe7 23. Rec1 Bd7 24. Nd2 Bb5 25. Bd1 Qd7 26. a4 Nc8 27. Qa5 Qxd5 28. axb5 Qxd2 29. Qa4 Ne7 30. R3c2 Qe1+ 31. Kh2 Nd5 32. b6 Qb4 33. Qd7 Nf6 34. Qd3 e4 35. Qg3 Nd5 36. Be2 Nxb6 37. Bxb6 Qxb6 38. Rd1 Rad8 39. Rcd2 Rxd2 40. Rxd2 Bg7 41. Kh1 Bxb2 42. Bc4 Be5 43. Qb3 Qxb3 44. Bxb3 Re7 45. Rd8+ Kg7 46. Bd5 Bd4 47. Kg1 b6 48. Kf1 f5 49. Ke2 Bc5 50. h4 Ra7 51. h5 gxh5 52. f3 e3 53. Rg8+ Kf6 54. f4 Rg7 55. Re8 Rd7 56. Re6+ Kg7 57. Bf3 Ra7 58. Bxh5 a5 59. Bf3 a4 0-1

[Event "ARG-ch Amateur U2000"]
[Site "La Falda"]
[Date "2015.12.06"]
[Round "4.7"]
[White "Marquez, Juan Carlos"]
[Black "Moreno, Carlos1"]
[Result "1-0"]
[WhiteElo "1864"]
[BlackElo "1957"]
[PlyCount "85"]
[EventDate "2015.12.05"]
[EventType "swiss"]
[EventRounds "9"]
[EventCountry "ARG"]
[SourceTitle "EXT 2024"]
[Source "ChessBase"]
[SourceDate "2023.10.10"]
[SourceVersion "1"]
[SourceVersionDate "2023.10.10"]
[SourceQuality "1"]

1. d4 Nf6 2. Nf3 d5 3. e3 e6 4. Bd3 Bd6 5. b3 Nbd7 6. Bb2 c5 7. Ne5 0-0 8. Nd2 Qe7 9. f4 cxd4 10. exd4 Ba3 11. Bxa3 Qxa3 12. 0-0 Qb4 13. c4 dxc4 14. bxc4 Qd6 15. Ndf3 b6 16. Kh1 Bb7 17. Qd2 Ne4 18. Qe3 f5 19. Bxe4 Bxe4 20. Nxd7 Qxd7 21. Ng5 Bb7 22. Qxe6+ Qxe6 23. Nxe6 Rf6 24. d5 Rc8 25. Rfc1 h6 26. a4 Rg6 27. Nd4 Rf6 28. a5 Rc5 29. axb6 axb6 30. Ne6 Rc8 31. Rab1 Kf7 32. Nd4 Rc7 33. Rc2 Kg8 34. Kg1 g5 35. g3 gxf4 36. gxf4 Kf7 37. Kf2 Rc8 38. Re1 Rd8 39. Re6 Bc8 40. Rxf6+ Kxf6 41. Rb2 Rd6 42. Nc6 Ba6 43. Rb4 1-0